[Event "Belgrade GMA op"]
[Site "Belgrade"]
[Date "1988.??.??"]
[Round "?"]
[White "Kupreichik, Viktor D"]
[Black "Lautier, Joel"]
[Result "1/2-1/2"]
[WhiteElo "2485"]
[BlackElo "2365"]
[Annotator "Psakhis,L"]
[PlyCount "98"]
[EventDate "1988.12.??"]
[EventType "swiss"]
[EventRounds "9"]
[EventCountry "YUG"]
[SourceTitle "CBM 010"]
[Source "ChessBase"]
[SourceDate "1989.06.01"]
[SourceVersion "1"]
[SourceVersionDate "1989.06.01"]
[SourceQuality "1"]

1. e4 e6 2. d4 d5 3. e5 c5 4. c3 Nc6 5. Nf3 Qb6 6. Be2 (6. Bd3 $5 cxd4 7. cxd4
Bd7 8. O-O (8. Bc2 $6 Nb4 $1 $15) 8... Nxd4 9. Nxd4 (9. Nbd2 $5 Ne7 10. Nxd4
Qxd4 11. Nf3 Qa4 12. b3 Qa5 13. Bd2 Qd8 14. Re1 h6 15. b4 a6 16. a4 Nc6 17. Rb1
Be7 18. b5 axb5 19. axb5 Na5 20. Nd4 $146 {Nun,J-Razuvaev,Y/ Sochi 1989}) 9...
Qxd4 10. Nc3 a6 (10... Qxe5 11. Re1 Qd6 12. Nb5 Bxb5 (12... Qb6 $5 13. Be3 Qa5
14. Bd2 Qb6 {Sveshnikov}) 13. Bxb5+ Kd8 14. Qf3 $146) 11. Qe2 Ne7 (11... Bb4 $6
12. Rd1 Ne7 13. Bxa6 Qb6 14. Bd3 O-O 15. Be3 Qc7 16. Qh5 g6 17. Qh4 Nc6 18. f4
$36 {Rosenlalis-Neverov, Odessa 1989}) 12. Kh1 $1 Nc6 13. f4 Nb4 14. Rd1 Nxd3
15. Rxd3 {Sveshnikov-Razuvaev, Belgrade 1988} Qb6 16. Be3 Bc5 $146) (6. a3 c4
7. Nbd2 (7. g3 $5 Bd7 8. h4 Na5 9. Nbd2 Qc6 10. Ng5 h6 11. Nh3 Qa4 12. Qf3 Qc2
13. Nf4 Ne7 14. Ng2 Qh7 15. b4 $1 cxb3 16. Bd3 Qg8 17. Rb1 Ba4 $146 {
Sveshnikov-Eingorn, Sochi 1986}) 7... Na5 8. Be2 (8. b4 $6 cxb3 9. Rb1 Bd7 10.
c4 (10. Bd3 Ba4 11. c4 dxc4 12. Nxc4 Nxc4 13. Bxc4 Rc8 14. Bxb3 Bxb3 15. Rxb3
Qa6 16. Bd2 h6 17. Qe2 Qxe2+ 18. Kxe2 b6 $15 {Emodi-Glek, Budapest (op), 1989})
10... Ne7 11. Bd3 dxc4 12. Nxc4 Nxc4 13. Bxc4 Nd5 14. Rxb3 Qc7 15. Bxd5 Qa5+
16. Nd2 Qxd5 $15 {Knoppert-Farago, Dieren (op), 1988}) 8... Bd7 9. O-O Ne7 (
9... h6 $5 10. h4 Ne7 11. Re1 Nec6 12. g3 Be7 13. Bf1 O-O-O 14. Bh3 Kb8 15. Kg2
Ka8 16. Nf1 $6 Nb3 17. Rb1 Rdg8 $15 {Carlier-Farago, Amsterdam 2, 1987}) 10.
Re1 Qc6 11. Qc2 Nc8 12. Ng5 h6 13. Nh3 Nb6 14. Nf4 O-O-O 15. Nh5 Qc7 16. a4 Bc6
17. Bd1 Kb8 18. Re3 Rc8 19. Rg3 g6 20. Nf6 Nd7 21. Nxd7+ Qxd7 $10 {
Sveshnikov-Eingorn, Palma 1989}) 6... Nh6 7. Bxh6 gxh6 8. Qd2 Bg7 9. O-O O-O
10. Na3 cxd4 $1 11. cxd4 Bd7 12. Nc2 f6 (12... a5 $5) 13. exf6 Rxf6 14. b4 Raf8
(14... Rff8 15. a4 Qd8 16. Ra3 Be8 17. b5 Na5 18. Ne5 Bg6 19. Nxg6 hxg6 20. g3
$13 {Lein-Ehlvest, New York (op), 1989}) 15. b5 Ne7 16. Ne5 Be8 17. g3 (17. a4
Nf5 18. Rae1 Kh8 19. f4 Qd8 20. Ne3 Nd6 21. g3 {Kosten-Brunner, Altensteig 1989
} h5 $5 $13) 17... h5 18. a4 Nf5 $13 19. a5 Qc7 20. Rac1 Nd6 21. Ne3 Qe7 22.
Qb2 h4 23. Bd3 hxg3 24. hxg3 Ne4 25. Bxe4 dxe4 26. b6 axb6 27. Qxb6 Qa3 28.
N3g4 Rxf2 29. Rxf2 Qxc1+ 30. Kg2 Rxf2+ 31. Nxf2 Qc8 32. Nfg4 Bh5 33. Ne3 Bh6
34. N3c4 e3 35. Qd6 e2 36. Kf2 Bf8 37. Qb6 Bg7 38. g4 Bxg4 39. Nxg4 Qxc4 40.
Qd8+ Kf7 41. Qd7+ Kg6 42. Qe8+ Kg5 43. Qe7+ Kg6 44. Qe8+ Kg5 45. Qe7+ Kxg4 46.
Qxg7+ Kf5 47. Qxh7+ Kf6 48. Qh4+ Kf7 49. Qh7+ Kf6 1/2-1/2

[Event "Corus-B"]
[Site "Wijk aan Zee"]
[Date "2002.01.16"]
[Round "2"]
[White "Jonkman, Harmen"]
[Black "Peng, Zhaoqin"]
[Result "1-0"]
[WhiteElo "2498"]
[BlackElo "2460"]
[Annotator "Psakhis,L"]
[PlyCount "51"]
[EventDate "2002.01.15"]
[EventType "tourn"]
[EventRounds "11"]
[EventCountry "NED"]
[EventCategory "11"]
[SourceTitle "CBM 087"]
[Source "ChessBase"]
[SourceDate "2002.03.21"]
[SourceVersion "1"]
[SourceVersionDate "2002.03.21"]
[SourceQuality "1"]

1. e4 e6 2. d4 d5 3. e5 c5 4. c3 Qb6 5. a3 a5 6. Nf3 Bd7 7. Be2 a4 ({In the
case of} 7... Bb5 8. c4 $1 Bxc4 9. Bxc4 dxc4 10. d5 {gives advantage to white,
for example} Ne7 11. dxe6 Qxe6 12. Nc3 Ng6 13. O-O Be7 14. Nd5 Na6 15. Qa4+ Kf8
16. Nxe7 Qxe7 17. Qxc4 $16 {1-0 Yoos,J-Hergott,D/CAN-ch Toronto 1996 (37)}) 8.
O-O Nc6 9. Bd3 ({Black got good game after} 9. dxc5 Bxc5 10. c4 Nge7 $5 11. Nc3
Nd4 12. cxd5 Nxe2+ 13. Qxe2 Nxd5 14. Nxd5 exd5 15. Rd1 Bb5 16. Qe1 Bc4 17. Be3
Bxe3 18. Qxe3 Qxe3 19. fxe3 O-O 20. Rd4 Rfe8 21. Rc1 h6 22. e4 dxe4 23. Rcxc4
exf3 24. gxf3 Rxe5 25. Rxa4 Rxa4 {1/2-1/2 Peng Xiaomin-Kaidanov,G/USA-China
Summit Seattle 2001/CBM 82 (25)}) 9... Na5 10. Bc2 Nc4 {[%cal Rc4b2]} 11. Ra2 {
This move looks quite starange, but it is not clear that White can get enough
compensation for the pawn after} (11. Nbd2 Nxb2 12. Bxb2 Qxb2 {for example} 13.
c4 cxd4 14. cxd5 exd5 15. Re1 Bxa3 16. Rb1 Qc3 17. Rxb7 d3 18. e6 fxe6 19. Bxd3
Nf6 20. Ne5 O-O {0-1 Jonkman,H-Volkov,S/Korinthos op 2000/The Week in Chess
300 (34)}) 11... Ne7 12. Re1 Nc6 13. Bxa4 N6xe5 14. Bxd7+ Nxd7 15. b3 Na5 $146
{Attempt at improving famous game Grischuk,A-Gurevich,M/Cannes World Cup of
Rapid Chess 2001/CBM 82/[Hecht]/1-0 (86), which continues} (15... Nd6 16. c4 $1
dxc4 17. d5 Qxb3 18. dxe6 fxe6 (18... Qxa2 19. exd7+ (19. e7 Bxe7 20. Qxd6
O-O-O 21. Qxe7 Qxb1) 19... Kxd7 20. Ne5+ Kc7 21. Qd5 $5 $40) 19. Rxe6+ Kd8 20.
Rc2 $1 Ra6 21. Nc3 $16 {with great position for white}) 16. b4 cxb4 $2 {
Terrible mistake! Black hadn't too many reasons for panic- after correct} (
16... cxd4 17. Nxd4 Nc6 {black's position still was not too bad, for example} (
17... Nc4 $6 18. Nxe6 $1 fxe6 19. Qxd5 Nce5 $5 20. Rxe5 Nxe5 21. Qxe5 $16) 18.
Nxe6 $5 fxe6 19. Rxe6+ Be7 20. Qxd5 O-O-O $132) 17. axb4 Ra7 18. Rxa5 (18. Ng5
$5 {was good enough -} Nc6 $140 $6 19. Qh5 $1 g6 20. Qf3 Rxa2 21. Qxf7+ Kd8 22.
Qxe6 Kc8 23. Nf7 $18 {but text even simplier}) 18... Rxa5 19. bxa5 Qxb1 20. Qa4
{[%csl Re8][%cal Ra4e8]} Bd6 (20... b5 $142 $5 21. axb6 Qxb6 22. Qa8+ Qd8 23.
Qxd5 Be7 $16 {+-}) (20... Be7 21. Ne5 $18) 21. Bf4 $1 $18 {Now game is over,
Black can't castle and pawn b7 is undefendable} Qxe1+ $8 22. Nxe1 Bxf4 23. Qb4
{[%csl Ga5,Rb7]} Bc7 24. Nd3 f6 (24... g6 25. h4 $5 (25. g3 $5) (25. Nc1 $5 {
[%cal Gc1b3]})) 25. g3 (25. Qxb7 Bxa5 26. Qc6 Ke7 27. Nc5 $18 {could be good
alternative to the text}) 25... Rf8 26. Nf4 (26. Nf4 Bxf4 27. gxf4 {[%csl Ga5]}
) 1-0

[Event "RUS-chT 06th"]
[Site "St Petersburg"]
[Date "1999.05.18"]
[Round "3"]
[White "Zvjaginsev, Vadim"]
[Black "Volkov, Sergey"]
[Result "1/2-1/2"]
[WhiteElo "2658"]
[BlackElo "2587"]
[Annotator "Psakhis,L"]
[PlyCount "39"]
[EventDate "1999.05.16"]
[EventType "team-tourn"]
[EventRounds "9"]
[EventCountry "RUS"]
[SourceTitle "EXT 2020"]
[Source "ChessBase"]
[SourceDate "2019.10.17"]
[SourceVersion "1"]
[SourceVersionDate "2019.10.17"]
[SourceQuality "1"]
[WhiteTeam "Tomsk Siberia"]
[BlackTeam "Smolensk TsEM"]
[WhiteTeamCountry "RUS"]
[BlackTeamCountry "RUS"]

1. e4 e6 2. d4 d5 3. e5 c5 4. c3 Qb6 5. Nf3 Bd7 6. a3 a5 $5 {Strong move,
promised to black better chanses for equalization than} (6... Bb5 7. c4 $1) 7.
b3 ({Black has nothing to worry about and after} 7. Bd3 Bb5 8. O-O Bxd3 9. Qxd3
Nc6 {for example} 10. Nbd2 cxd4 11. cxd4 Nge7 12. Rd1 Nf5 13. Nf1 Be7 14. g4
Nh4 15. Nxh4 Bxh4 $11 {0-1 Van der Werf,M-Schwartzman,G/Wijk aan Zee op 1995 
(59)}) 7... Ne7 ({Also possible} 7... Na6 8. Bd3 Ne7 9. O-O Rc8 10. Bc2 Nc6 11.
Be3 Be7 12. Re1 h6 13. Nbd2 cxd4 14. cxd4 Na7 $13 {0-1 Vatter,H-Eingorn,V/Bad
Woerishofen op 1999 (39)}) ({or} 7... cxd4 8. cxd4 Nc6 9. Bb2 Nge7 10. Bd3 Rc8
11. O-O g6 12. Re1 Bh6 13. Bc2 O-O 14. Nc3 Na7 15. h4 Rc7 $11 {0-1 Plath,
O-Drewitz,H/LL Mecklenburg 1997 (91)}) 8. Be2 cxd4 9. cxd4 Bb5 {N/ Improvment
compare} (9... Nbc6 10. Nc3 Nf5 11. Na4 Qa7 12. Bb2 Be7 13. O-O h5 14. b4 $1 b5
15. Nc5 {1/2-1/2 Van Dijk,G-Weyerstrass/corr 1982 (50) with some advantage of
white.}) 10. Bxb5+ (10. O-O Bxe2 11. Qxe2 Nbc6 $11) 10... Qxb5 11. Nc3 Qa6 12.
a4 {[%cal Gc3b5]} Nec6 13. Nb5 Qb6 $11 {Black could be satisfied with results
of opening. White cannot organized an attack without light bishop, knight on
b5 is strong, but can,t get any real support from other pieces.} 14. O-O h6 (
14... Be7 15. Bg5) 15. Ba3 Bxa3 16. Rxa3 O-O 17. Ra1 Na6 $1 {[%cal Ga6c7]} 18.
Rc1 Nc7 19. Nc3 Rac8 20. Ne2 1/2-1/2

[Event "Stepanakert-B"]
[Site "Stepanakert"]
[Date "2005.10.02"]
[Round "1"]
[White "Sveshnikov, Evgeny"]
[Black "Lopez Martinez, Josep Manuel"]
[Result "1/2-1/2"]
[WhiteElo "2507"]
[BlackElo "2505"]
[Annotator "Psakhis,L"]
[PlyCount "101"]
[EventDate "2005.10.02"]
[EventType "tourn"]
[EventRounds "9"]
[EventCountry "ARM"]
[EventCategory "11"]
[SourceTitle "CBM 110"]
[Source "ChessBase"]
[SourceDate "2006.01.31"]
[SourceVersion "1"]
[SourceVersionDate "2006.01.31"]
[SourceQuality "1"]

1. e4 e6 2. d4 d5 3. e5 c5 4. c3 Qb6 5. Nf3 Nc6 6. a3 Nh6 ({Completely
different is the play after} 6... c4) 7. b4 cxd4 8. cxd4 Nf5 9. Bb2 Bd7 10. g4
({Otherwise after for example} 10. Be2 Be7 11. O-O O-O 12. g4 {the knight
would get more active square to retreat -} Nh4) 10... Nfe7 ({Good alternative
to the text cculd be favorite move of Smbat Lputian} 10... Nh6 11. h3 (11. Rg1
f6 12. exf6 gxf6 13. Nc3 Nf7 14. Na4 Qc7 15. Rc1 Qf4 16. Rc3 Ng5 17. b5 Na5 18.
Nxg5 fxg5 19. Bc1 Qxh2 20. Rgg3 Bd6 $132 {Savic,M-Lputian,S/BIH t-ch Neum 2002/
(30)}) 11... Rc8 (11... f6 $13 {is possible as well}) 12. Nc3 Na5 13. Na4 Qc6
14. Nc5 Nc4 15. Bc1 b6 16. Nxd7 Qxd7 17. Bd3 Ng8 18. Qe2 Ne7 19. O-O h5 20. Bg5
Nc6 21. Kg2 b5 {Tochtenhagen,W-Meessen,R/NRW-Liga II 2003/EXT 2004 (40)}) 11.
Nc3 Na5 $5 {This move has become quite popular in the last couple of years.} ({
Worth considering also typical move} 11... h5 {with possible continuation} 12.
g5 Ng6 (12... Nf5 13. Na4 Qd8 14. Bd3 h4 15. Rc1 Be7 16. Rg1 g6 17. Bxf5 exf5
18. Nc5 Rb8 19. Qe2 $14 Be6 20. Qe3 Qb6 21. Qd3 Kf8 22. Bc3 Kg7 23. Nd2 a5 24.
b5 Na7 25. a4 Bxc5 26. dxc5 Qxc5 27. Ke2 Nc8 {1-0 Shirov,A (2690)-Kramnik,V 
(2740)/Amber blind 1997/ChessBase (45)}) (12... Na5 $5) 13. Na4 Qd8 14. Rc1 Be7
15. Rg1 O-O 16. h4 a5 17. b5 Na7 18. Qb3 Nc8 19. Bc3 Nxh4 20. Nxh4 Bxg5 21. Qd1
Bxc1 22. Qxh5 Be8 23. Bd3 f5 {1/2-1/2 Peng,X (2657)-Kortchnoi,V (2620)/Kolkata
2000/ChessBase}) (11... Qd8 12. h4 h5 13. Nb5 {[%csl Re8][%cal Rb5d6]} Nc8 14.
Ng5 $1 {Attacking the h5 pawn by the way} hxg4 15. Qxg4 Be7 16. Bc1 $5 {
This strange move is aimed at keeping the g-file open} ({In the event of} 16.
Rg1 Bxg5 17. Qxg5 (17. hxg5 {is contrary to White's plan}) 17... Qxg5 18. Rxg5
Kf8 {White's offensive would have come to an end}) 16... a6 17. Rg1 $5 f5 $1
18. exf6 Bxf6 {[#]} 19. Nh7 $1 {The attack is going on.} axb5 20. Qg6+ Ke7 $132
{1/2-1/2 Lastin,A-Malakhatko,V/St Petersburg 300 Years 2003/ (38)}) 12. Qc2 ({
White failed to get any advantage after} 12. Nd2 Rc8 13. Rc1 {and Black has
nice choice between} {and} Ng6 $5 (13... h5 $5 14. Rc2 Nc4 (14... Nac6 15. Na4
Qd8 16. Nc5) 15. Bxc4 dxc4 16. Nce4 Nd5 17. Nxc4 Rxc4 $5 18. Rxc4 a5 {Funny
position. Black sacrifices an exchange and a pawn, his pieces are not
developed and it is not easy to prove white's advantage!} 19. O-O (19. gxh5
axb4 20. a4 Qa6) 19... axb4 20. axb4 Qd8 $132 {1/2-1/2 Ivanchuk,V (2717)
-Bareev,E (2707)/Dubai FIDE GP 2002/CBM 89/[Psakhis] (50) with very
complicated position.}) 14. h4 Be7 15. g5 (15. h5 Nf4 16. Qf3 Bg5 17. Ne2 Rxc1+
18. Nxc1 O-O $17 {1/2-1/2 Grischuk,A-Kruppa,Y/RUS Cup Elista 2000/CBM 79/
[Psakhis,L] (28)}) 15... O-O ({Black didn't equalized after} 15... h6 16. gxh6
Rxh6 17. h5 Nf8 18. Rc2 Nc4 19. Nxc4 dxc4 20. Bc1 Rh8 21. Qg4 a5 22. b5 Rh7 23.
Bg2 f5 24. exf6 gxf6 25. h6 a4 {1/2-1/2 Thipsay,P-Barua,D/IND-ch Calicut 2003/
80)}) 16. Rg1 ({In the case of} 16. Qg4 {[%cal Rh4h5] Black possibly will
sacrifice bishop -} Bxb4 $5 17. axb4 Qxb4 18. Rb1 (18. Ba1 Nxe5 $132) 18...
Rxc3 19. Bxc3 Qxc3 20. h5 Ne7 $13 {with unclear position}) ({Interesting
complications could be raised after} 16. h5 Nf4 17. h6 g6 {for example:} 18.
Qf3 Qxd4 19. Nd1 (19. bxa5 Bxg5 $36) 19... Qxb2 $1 20. Nxb2 Rxc1+ 21. Nd1 Ba4
$1 $19) 16... Nxh4 17. Bd3 g6 (17... Ng6 18. Qg4 $13 {[%cal Gc3d5]}) 18. Qg4
Nf5 19. Bxf5 exf5 20. Qh4 Rfe8 $132 {1/2-1/2 Potkin,V (2522)-Hug,W (2453)/
EUR-ch Istanbul 2003/CBM 96/[Psakhis] (28)}) 12... Nc4 13. Bxc4 dxc4 14. Nd2
Qc6 15. Nce4 Nc8 $146 ({Black experiences some difficulties after} 15... Nd5
16. Nxc4 Nb6 17. Ncd6+ Bxd6 18. Nxd6+ Ke7 19. Qxc6 Bxc6 20. O-O (20. Rg1 $5 Nc8
21. d5 (21. b5 Bd5 22. Rc1 Nxd6 23. Rc7+ Kd8 24. exd6 Rc8 25. Rxc8+ Kxc8 26.
Bc3 Kd7 27. Bb4 Rc8 28. Kd2 Bc4 29. b6 {1/2-1/2 Sveshnikov,E (2561)-Potkin,V 
(2518)/RUS-ch Krasnoyarsk 2003/}) 21... Bxd5 22. Rc1 {black stuck for passive
defense in endgame.}) 20... h5 21. g5 Nc8 22. b5 Bd5 23. a4 Nxd6 24. Ba3 Rac8
25. Bxd6+ Kd7 26. Rfc1 g6 27. h4 Rxc1+ 28. Rxc1 $16 {1/2-1/2 Klenburg,M (2420)
-Blauert,J (2350)/Internet playchess.com blitz 2005 (48)}) (15... c3 $5 {
This new move requires courage and accurate calculation, but after '} 16. Nd6+
(16. Qxc3 Nd5 17. Qxc6 Bxc6 {black can look to future with optimizm.}) 16...
Kd8 ({It will be interesting to check in future} 16... Qxd6 17. exd6 cxd2+ 18.
Qxd2 Nd5 {with some compensation for the queen}) 17. Nxf7+ (17. Qxc3 Qxh1+ 18.
Ke2 Nd5 19. Qg3 Qxa1 20. Bxa1 Bxd6 21. exd6 Rc8 $36) 17... Ke8 18. Nd6+ Kd8 19.
Nf7+ Ke8 20. Nd6+ {1/2-1/2 Sveshnikov,E (2557)-Radjabov,T (2656)/Tallinn Keres
mem rap 2004/CBM 100/[Psakhis]}) 16. Nxc4 (16. Qxc4 $5 Nb6 17. Qxc6 Bxc6 18. f3
h5 $132) 16... b5 17. Ne3 Qxc2 18. Nxc2 Bc6 19. f3 h5 $1 (19... Nb6 $5 {
[%cal Gb6a4]}) 20. g5 (20. Ne3 hxg4 21. Nxg4 Nb6 {[%csl Gc4,Gd5]}) 20... Nb6
$44 {Black's position is very tough and Sveshnikov needs to invest a very big
effort to get something real.} 21. Kf2 Be7 22. h4 O-O 23. Ne3 Na4 24. Rab1 (24.
Bc1 Rfd8 25. Rd1 a5 $1) 24... a5 $5 {Having no desire for passive defense,
Black tries to break open the files on the queenside} 25. Ba1 axb4 26. Nf6+ $5
(26. axb4 $5 Nb6 $44) 26... Bxf6 $1 {Lopez Martinez managed to find a clue to
the position. After} (26... gxf6 27. gxf6 Bd8 28. Rbg1+ Kh7 29. Rg5 Rg8 $1 (
29... Kh6 30. Ng2 $1 {[%cal Rg2f4]} Bxf6 (30... Nc5 31. dxc5 (31. Nf4 Nd3+ $8
32. Nxd3 Rxa3 33. Rd1 $16) 31... Rxa3 32. Bb2 Rxf3+ 33. Ke2 {[%csl Rh6][%cal
Rb2c1]}) 31. exf6 Rg8 32. d5 $1 Bxd5 33. Nf4 Rxg5 34. hxg5+ Kxg5 35. Rxh5+ Kxf4
36. Be5#) 30. Rxh5+ Kg6 31. Rg5+ (31. Rg1+ $4 Kxh5 32. Rxg8 Bxf6 $1 33. Rxa8
Bxh4+ $19) 31... Kh7 32. axb4 $5 $44 {white's chances are slightly better.})
27. gxf6 (27. d5 $5 Bxd5 $140 28. gxf6 bxa3 29. Nxd5 exd5 30. Rxb5 Rfc8 $132)
27... bxa3 28. d5 Bd7 (28... a2 29. Rbg1) (28... Bxd5 $5) 29. f4 (29. dxe6 Bxe6
30. Rxb5 g6 $17) 29... g6 ({Also interesting was} 29... gxf6 $5 30. Rhg1+ Kh7
31. dxe6 fxe6 32. exf6 Nc5 33. Rg7+ Kh6 34. f5 $5 $132 {with very complicated
struggle.}) 30. dxe6 fxe6 (30... Bxe6 31. f5) 31. f5 {It looks like White has
managed to cause serious threats, but it is just an illusory thing.} exf5 32.
Nd5 Kf7 $6 (32... Nc5 $142 $1 $17) 33. Nc7 Ra7 (33... Nc5 $5 34. Nxa8 Rxa8 $17)
34. Rhc1 (34. Nxb5 $5) 34... Nb2 (34... b4 $2 35. Rxb4 Rc8 $6 36. e6+ $1 Bxe6
37. Nxe6 Rxc1 38. Ng5+ $18) (34... Rb8 35. e6+ Bxe6 36. Nxb5 Raa8 37. Rc7+ Kf8
38. Nxa3 $44) 35. Bxb2 axb2 36. Rxb2 Rc8 37. Rbc2 (37. Nxb5 $140 $5 Rxc1 38.
Nxa7 Rc7 $140 39. Nb5 Bxb5 40. Rxb5 Ke6 41. Kg3 Rc4 42. Rb8 $1 Re4 43. Re8+ Kf7
44. Re7+ Kf8 45. e6 f4+ 46. Kf3 Re5 $1 $11) 37... b4 $1 38. Rc5 b3 (38... Rb8
$1 {could be interesting alternative to the text, for example:} 39. Rd1 Ba4 40.
Rd6 b3 41. Nd5 Bd7 $1 42. Nc7 $1 Be8 $1 43. Nxe8 Ra2+ 44. Kg3 b2 45. e6+ Kf8
46. Rd1 Rxe8 47. Rb5 Rxe6 48. Rd7 f4+ 49. Kf3 Ra3+ 50. Kf2 $11) 39. e6+ $1 Bxe6
40. Nxe6 Rxc5 41. Nxc5 Rc7 (41... Ra2+ 42. Kf3 b2 43. Rb1 Kxf6 44. Nd3 $144)
42. Nxb3 Rxc1 43. Nxc1 Kxf6 44. Nd3 g5 $11 45. Kg3 f4+ 46. Kf3 gxh4 47. Kxf4 h3
48. Kg3 h2 49. Kxh2 h4 50. Kh3 Kf5 51. Kxh4 {Funny and interesting game!}
1/2-1/2

[Event "Lvov Cup of Galychina"]
[Site "Lvov"]
[Date "2001.12.21"]
[Round "4"]
[White "Jonkman, Harmen"]
[Black "Firman, Nazar"]
[Result "0-1"]
[WhiteElo "2491"]
[BlackElo "2494"]
[Annotator "Psakhis,L"]
[PlyCount "57"]
[EventDate "2001.12.18"]
[EventType "tourn"]
[EventRounds "11"]
[EventCountry "UKR"]
[EventCategory "11"]
[SourceTitle "CBM 087"]
[Source "ChessBase"]
[SourceDate "2002.03.21"]
[SourceVersion "1"]
[SourceVersionDate "2002.03.21"]
[SourceQuality "1"]

1. e4 e6 2. d4 d5 3. e5 c5 4. c3 Nc6 5. Nf3 Bd7 6. Be2 Nge7 7. O-O Ng6 8. g3 (
8. Be3 Be7 9. Bd3 cxd4 10. cxd4 O-O 11. Nc3 f6 12. exf6 Bxf6 13. Re1 Rc8 14.
Rc1 Qe7 15. Bxg6 hxg6 16. Qd2 Qb4 17. Rcd1 Rf7 $13 {0-1 Zaitsev,I-Kiriakov,P/
Moscow-9 cat.8 1996 (30)}) 8... cxd4 (8... Qb6 9. a3 c4 10. h4 h6 11. Nbd2 Na5
12. Re1 O-O-O 13. Rb1 f5 14. Bf1 Be7 15. Qc2 Nf8 16. b4 cxb3 17. Nxb3 Nxb3 18.
Rxb3 Ba4 19. Rxb6 Bxc2 20. Rb2 Ba4 21. Be3 Bc6 {1-0 Adams,M-Vaganian,R/Oviedo
blitz 1992 (32)}) (8... f6 $5 9. Bd3 cxd4 10. cxd4 Nb4 11. exf6 (11. Be2 fxe5
12. Nxe5 Nxe5 13. dxe5 Bc5 14. a3 Nc6 15. Bh5+ g6 16. Bh6 Qe7 {0-1 Meessen,
R-Gurevich,M/BEL-ch Charleroi 2001/}) 11... gxf6 12. Be2 Bg7 13. Nc3 O-O 14.
Re1 Qe7 15. Bf1 Qf7 16. Bg2 Rad8 17. Be3 Bc8 18. Qd2 Nc6 $11 {0-1 Jonkman,
H-Gurevich,M/Hoogeveen op 2001/The Week in Chess 363 (67)}) (8... f5 9. exf6
gxf6 10. Re1 Qb6 11. Bf1 O-O-O 12. Qc2 e5 13. dxc5 Bxc5 14. b4 Bd6 15. Na3 Kb8
16. Be3 d4 {German,S-Sobrero,S/Buenos Aires op 1995/1-0 (67)}) (8... Be7 $5 9.
h4 cxd4 10. cxd4 O-O 11. h5 Nh8 12. h6 g6 13. Nc3 f6 14. exf6 Bxf6 15. Be3 Nf7
16. Qd2 Rc8 17. Na4 Nd6 $13 {[%cal Gd6f5] 1/2-1/2 Edelstein,M-Conroy,M/corr
1997 (26)}) 9. cxd4 f6 $146 {Fresh idea, more common is} (9... Be7 10. h4 O-O
11. h5 Nh8 12. h6 g6 {[%cal Gf7f6] with unclear position}) 10. exf6 (10. Bd3
fxe5 11. Bxg6+ hxg6 12. dxe5 Be7 13. Qd3 O-O $132) 10... Qxf6 11. Bg5 Qf7 12.
Nc3 Bd6 {It looks that Black solved openings troubles} 13. Nb5 Bb8 14. Be3 h6
15. Rc1 O-O 16. a3 Qf6 17. b4 a6 18. Nc3 Ba7 {[%csl Rd4]} 19. b5 ({Worth
considering} 19. Na4 $5 {[%cal Ga4c5] and in the case of} Nxd4 20. Bxd4 Bxa4
21. Qxa4 Bxd4 22. Nxd4 Qxd4 23. Qd7 $13 {white's position is quite nice}) 19...
Na5 ({Black has nothing to worry about and after} 19... axb5 20. Nxb5 Bb8 $11)
20. a4 Bb8 (20... Rac8 21. Ne5 $5) 21. Ne1 $5 {[%cal Gf2f4]} Bd6 22. f4 {
[%cal Ge1f3,Gf3e5]} Rfc8 23. Nf3 Bb4 24. Ne5 Nxe5 25. dxe5 {Too optimistic move
} (25. fxe5 $142 Qe7 26. Na2 $11) 25... Qe7 26. Bd4 axb5 27. Nxb5 $4 {[%mdl
8192] Terrible mistake.Jonkman overlooked black responce.After correct} (27.
axb5 $5 Bxc3 28. Rxc3 Rxc3 29. Bxc3 Bxb5 (29... Nc4 $5) 30. Bxb5 Qc5+ 31. Bd4
Qxb5 32. Qg4 $44 {White could get good compensation for rhe pawn}) 27... Rxc1
28. Qxc1 Bxb5 29. Bxb5 (29. Bxb5 Nb3 30. Qd1 Nxd4 31. Qxd4 $2 Bc5 {[%cal Rc5g1]
}) 0-1